Erzkathedrale in Danzig Oliva Stätteführer

Bibliographic Details
Main Authors: Kędziorski, Brunon (Author), Skrago, Zdzisław (Author)
Format: Book
Language:German
PhysicalDescription:39 s. fotogr. 15 cm
Published: [Trnava] Jares Slowakei 2007
ISBN:9788089302055
Edition:[1ste Aufl.]
Subjects:

MARC

LEADER 00000nam a2200000 a 4500
001 vtls009084673
003 SK-MaSNL
005 20260301023353.0
008 240314s2007 xo o g f 000 0 ger
015 |a SNBE2008/01-00131 
020 |a 9788089302055  |q (brož.) 
040 |a SNK  |b slo  |c SNK  |e AACR2 
041 0 |a ger 
043 |a e-pl--- 
044 |a xo  |c SK 
072 7 |a 72  |x Architektúra  |2 konspekt 
080 |a 726.6  |2 2001 
080 |a 726.54  |2 2001 
080 |a 72:904  |2 2001 
080 |a (438)  |2 2001 
080 |a (036)  |2 2001 
100 1 |a Kędziorski, Brunon  |4 aut  |9 315607 
245 1 0 |a Erzkathedrale in Danzig Oliva  |b Stätteführer  |c Brunon Kedziorski, Zdisław Skrago 
250 |a [1ste Aufl.] 
260 |a [Trnava]  |b Jares Slowakei  |c 2007 
300 |a 39 s.  |b fotogr.  |c 15 cm 
610 2 7 |a Bazylika archikatedralna (Gdaňsk, Poľsko)  |2 SNKKA  |9 105518 
650 0 7 |a katedrály  |2 SNKPH  |9 3032 
650 0 7 |a baziliky  |2 SNKPH  |9 54566 
650 0 7 |a architektonické pamiatky  |2 SNKPH  |9 28990 
651 7 |a Gdansk (Poľsko)  |2 SNKPH  |9 30235 
655 7 |a turistickí sprievodcovia (publikácie)  |2 SNKPH  |9 191298 
700 1 |a Skrago, Zdzisław  |4 aut  |9 315608 
919 |a 978-80-89302-05-5 
999 |c 569049  |d 570979 
952 |a SNK  |b SNK  |y PREZ  |7 0  |p 17A0559537  |o snkOSE 4331  |i snk2007/18538  |8 0  |0 0  |1 0  |4 0  |d 2007-08-09  |l 0  |r 2026-02-23 14:09:33  |w 2026-02-23 
952 |a SNK  |b SNK  |y VYP  |7 0  |p 17A0559536  |o snkOSE 4331 D1  |i snk2007/18539  |8 0  |0 0  |1 0  |4 0  |d 2007-08-09  |l 0  |r 2026-02-23 14:09:33  |w 2026-02-23